Didáctica para la escuela primaria /

Guardado en:
Autor Principal: Dottrens, Robert
Otros Autores: Maillo, Adolfo
Formato: Libro
Publicado: Buenos Aires : Eudeba, 1963
Edición:3a. ed.
Materias:
Etiquetas: Agregar Etiqueta
Sin Etiquetas, Sea el primero en etiquetar este registro!
LEADER 00592nam a22002055a 4500
001 CEM.cems002124
005 20060215000000.0
008 130507s1963##################000#0#####d
003 CEMS
082 0 4 |a 372 
100 1 |a Dottrens, Robert 
245 1 0 |a Didáctica para la escuela primaria / 
250 |a 3a. ed. 
260 |a Buenos Aires :  |b Eudeba,  |c 1963 
300 |a 415 p. 
653 |a Didactica especial 
653 |a Educacion 
700 1 |a Maillo, Adolfo 
859 |a CEMS  |b BIB. CEMS - 11 de abril  |h 372  |i D742a3  |p 5274.76  |t Ej.1 
859 |a CEMS  |b BIB. CEMS - 11 de abril  |h 372  |i D742a3  |p 7946.80  |t Ej.2